Statistics for Newcastle United F.C. 2018/2019 Squad

Click here to take the quiz!

General Stats

  • This quiz has been taken 93 times
    (83 since last reset)
  • The average score is 20 of 29

Answer Stats

No.Answer% Correct
1Slovakia (GK)Martin Dúbravka
93%
5Switzerland (DF)Fabian Schär
91%
-England (MAN)Steve Bruce
90%
9Brazil (FW)Joelinton
84%
11Scotland (MF)Matt Ritchie
84%
3Wales (DF)Paul Dummett
84%
22United States (DF)DeAndre Yedlin
82%
2Ireland (DF)Ciaran Clark
81%
6England (DF)Jamaal Lascelles
81%
24Paraguay (FW)Miguel Almirón
81%
8England (MF)Jonjo Shelvey
79%
43England (MF)Matty Longstaff
75%
36England (MF)Sean Longstaff
75%
26England (GK)Karl Darlo
73%
13Japan (FW)Yoshinori Mutō
73%
10France (FW)Allan Saint-Maximin
72%
18Argentina (DF)Federico Fernández
67%
19Spain (DF)Javier Manquillo
64%
21Ireland (GK)Rob Elliot
63%
30Ghana (MF)Christian Atsu
61%
41England (GK)Freddie Woodman
61%
7England (FW)Andy Carroll
60%
12England (FW)Dwight Gayle
57%
17Sweden (DF)Emil Krafth
54%
20France (DF)Florian Lejeune
54%
14England (MF)Isaac Hayden
54%
15Netherlands (DF)Jetro Willems
51%
4South Korea (MF)Ki Sung-yueng
51%
29England (GK)Nathan Harker
9%

Score Distribution

Percentile by Number Answered

Percent of People with Each Score

Your Score History

You have not taken this quiz since the last reset